=LDR 00000nam 2200000 4500 =001 INLIS000000000013813 =005 20200925080034 =035 ##$$a 0010-061300000013813 =008 200925################g##########0#ind## =041 ##$$a Ind =082 ##$$a 304.6 =090 ##$$a 304.6, Kep k =245 ##$$a Kependudukan dan lingkungan hidup ( Edisi kedua ) /$c Prof. Dr. Abdurrahman Ritonga, MPd. dkk =260 ##$$a Jakarta :$b Fakultas Ekonomi Universitas Indonesia,$c 2003 =300 ##$$a xiv, 270 hlm, : $b ilus. ; $c 26x19 cm. =650 #4$$a Demografi =850 ##$$a NBPNMAT =084 ##$$a 304.6 KEP k =700 #$$a Abdurrahman Ritonga =990 ##$$a 10407160 =990 ##$$a 10407161